[Event "SVK Extraliga 2018/2019"]
[Site "?"]
[Date "2019.02.16"]
[Round "5.3"]
[White "Leniart, Arkadiusz"]
[Black "Bulski, Krzysztof"]
[Result "0-1"]
[WhiteElo "2497"]
[BlackElo "2537"]
[PlyCount "142"]
[EventDate "2019.??.??"]

1. e4 e5 2. Nf3 Nc6 3. Bc4 Nf6 4. d3 Be7 5. c3 O-O 6. Nbd2 a6 7. O-O d6 8. Bb3
Na5 9. Bc2 c5 10. d4 Qc7 11. d5 c4 12. h3 b5 13. Nh2 Nb7 14. f4 exf4 15. Rxf4
Nd7 16. Ndf3 Ne5 17. Nxe5 dxe5 18. Rf3 Qd8 19. Qe2 Bg5 20. Bxg5 Qxg5 21. Qf2
Nd6 22. Rf1 Bd7 23. h4 Qe7 24. g4 f6 25. Qg3 a5 26. g5 fxg5 27. hxg5 Nf7 28. g6
hxg6 29. Qxg6 Ng5 30. Rxf8+ Rxf8 31. Rxf8+ Kxf8 32. Qb6 Nh3+ 33. Kh1 Qg5 34.
Nf1 Bg4 35. Qe3 Qh4 36. Nh2 Nf4 37. a4 bxa4 38. d6 Be2 39. d7 Qe1+ 40. Qg1
Qxg1+ 41. Kxg1 Ke7 42. Kf2 a3 43. bxa3 Kxd7 44. Ba4+ Kd6 45. Bb5 Kc5 46. Ba6
Kb6 47. Bc8 Kc7 48. Ba6 Kc6 49. Ke3 Kd6 50. Bc8 g5 51. Bg4 Bxg4 52. Nxg4 Nd3
53. Ke2 Kc5 54. Kd2 Kb5 55. Kc2 Nc5 56. Nxe5 Nxe4 57. Ng4 Kc5 58. Ne3 Nd6 59.
Kd2 Nb5 60. a4 Nd6 61. Nd1 Nc8 62. Ke3 Nb6 63. Nb2 Kd5 64. Kf3 Ke5 65. Kg4 Kf6
66. Kf3 Kf5 67. Nd1 g4+ 68. Kg3 Nd5 69. Nf2 Ne3 70. Nh1 Nd1 71. Kg2 Nxc3 0-1

[Event "SVK Extraliga 2018/2019"]
[Site "?"]
[Date "2019.02.16"]
[Round "5.4"]
[White "Tazbir, Marcin"]
[Black "Klekowski, Maciej"]
[Result "1/2-1/2"]
[WhiteElo "2542"]
[BlackElo "2494"]
[PlyCount "44"]
[EventDate "2019.??.??"]

1. e4 e5 2. Nf3 Nc6 3. Bb5 a6 4. Bxc6 dxc6 5. d4 exd4 6. Qxd4 Qxd4 7. Nxd4 c5
8. Ne2 Bd7 9. c4 Ne7 10. Bf4 O-O-O 11. Nbc3 f5 12. O-O-O Re8 13. f3 Bc6 14. Ng3
Ng6 15. Bd2 fxe4 16. Ngxe4 Nh4 17. Rhg1 Nf5 18. Rge1 h6 19. Be3 b6 20. Bf2 g5
21. Nd5 Bg7 22. Nef6 Ref8 1/2-1/2

[Event "SVK Extraliga 2018/2019"]
[Site "?"]
[Date "2019.02.16"]
[Round "5.5"]
[White "Druska, Juraj"]
[Black "Jakubiec, Artur"]
[Result "1/2-1/2"]
[WhiteElo "2437"]
[BlackElo "2477"]
[PlyCount "37"]
[EventDate "2019.??.??"]

1. e4 c6 2. d4 d5 3. exd5 cxd5 4. Bd3 Nc6 5. c3 g6 6. Bf4 Bg7 7. Nf3 Nh6 8. O-O
O-O 9. Re1 Re8 10. h3 Nf5 11. Nbd2 Nd6 12. Ne5 f6 13. Nxg6 hxg6 14. Bxg6 Bf5
15. Bxe8 Nxe8 16. Qh5 Qd7 17. Re3 Be6 18. Rae1 Bf7 19. Qe2 1/2-1/2

[Event "SVK Extraliga 2018/2019"]
[Site "?"]
[Date "2019.02.16"]
[Round "5.1"]
[White "Babula, Vlastimi"]
[Black "Cernousek, Lukas"]
[Result "1/2-1/2"]
[WhiteElo "2583"]
[BlackElo "2425"]
[PlyCount "68"]
[EventDate "2019.??.??"]

1. d4 d5 2. c4 dxc4 3. e3 Nf6 4. Bxc4 e6 5. Nf3 c5 6. O-O a6 7. a4 Nc6 8. Qe2
Qc7 9. Rd1 Be7 10. dxc5 Bxc5 11. b3 O-O 12. Bb2 e5 13. Nc3 e4 14. Ng5 Bg4 15.
Nd5 Bxe2 16. Nxc7 Bxc4 17. bxc4 Rac8 18. Nd5 Nd7 19. Nxe4 Rfe8 20. Nxc5 Nxc5
21. Nb6 Rc7 22. Rab1 Na5 23. Bc3 Nxc4 24. Nxc4 Ne4 25. Be1 Rxc4 26. a5 Nc3 27.
Bxc3 Rxc3 28. Rxb7 Ra3 29. g4 Rxa5 30. Rdd7 Rf8 31. Ra7 h5 32. gxh5 Rg5+ 33.
Kf1 Rxh5 34. Rxa6 Rxh2 1/2-1/2

[Event "SVK Extraliga 2018/2019"]
[Site "?"]
[Date "2019.02.16"]
[Round "5.2"]
[White "Roubalik, Jakub"]
[Black "Markos, Jan"]
[Result "0-1"]
[WhiteElo "2412"]
[BlackElo "2568"]
[PlyCount "106"]
[EventDate "2019.??.??"]

1. d4 Nf6 2. c4 c5 3. d5 b5 4. Qc2 Qa5+ 5. Bd2 b4 6. e4 d6 7. f4 g6 8. Bd3 Bg7
9. Nf3 Bg4 10. e5 Nh5 11. O-O Bxf3 12. Rxf3 dxe5 13. f5 Nd7 14. Be4 Nhf6 15. d6
Rd8 16. Bg5 Qb6 17. dxe7 Kxe7 18. Nd2 h6 19. Bxf6+ Nxf6 20. fxg6 fxg6 21. Bxg6
Qd6 22. Nf1 Qd4+ 23. Kh1 Rhf8 24. Ng3 Ng4 25. Nf5+ Rxf5 26. Rxf5 Bf6 27. Qe2
Ne3 28. Rf3 Nd1 29. Bc2 Nxb2 30. Raf1 Rd6 31. Qe1 Nxc4 32. Qg3 e4 33. Bxe4 Nd2
34. Rxf6 Rxf6 35. Qg7+ Ke6 36. Bd5+ Kxd5 37. Qxf6 Nxf1 38. Qxf1 Qe3 39. h3 c4
40. Qf7+ Kd4 41. Qxa7+ Kd3 42. Qd7+ Kc3 43. Qb5 Qe2 44. Qc5 Qxa2 45. Qe3+ Kb2
46. Qxh6 c3 47. Qf6 Qc4 48. h4 Ka2 49. Qf2+ c2 50. h5 Kb1 51. Qf5 Qh4+ 52. Kg1
Qd4+ 53. Kh2 Kb2 0-1

[Event "SVK Extraliga 2018/2019"]
[Site "?"]
[Date "2019.02.16"]
[Round "5.1"]
[White "Pechac, Jergus"]
[Black "Vajda, Levente"]
[Result "1-0"]
[WhiteElo "2459"]
[BlackElo "2539"]
[PlyCount "81"]
[EventDate "2019.??.??"]

1. d4 d5 2. c4 e6 3. Nc3 Nf6 4. Nf3 c6 5. e3 a6 6. b3 Bb4 7. Bd2 dxc4 8. bxc4
c5 9. Bd3 Nc6 10. O-O O-O 11. a3 Ba5 12. d5 Bxc3 13. Bxc3 exd5 14. cxd5 Nxd5
15. Bb2 Be6 16. Qc2 h6 17. Rfd1 Qe7 18. Rac1 Rfd8 19. Ba1 Nf6 20. Qc3 Rac8 21.
h3 c4 22. Bc2 b5 23. Be4 a5 24. Bxc6 Rxd1+ 25. Rxd1 b4 26. Qe5 Rxc6 27. Qxa5
Rc8 28. axb4 c3 29. b5 Ne4 30. b6 Qb7 31. Nd4 Ra8 32. Qe5 Rd8 33. Rc1 Bd5 34.
Bxc3 Nxc3 35. Rxc3 Qxb6 36. Nf5 f6 37. Qe7 Bf7 38. Rc7 Rf8 39. Nd6 Qb1+ 40. Kh2
Qb3 41. Kg3 1-0

[Event "SVK Extraliga 2018/2019"]
[Site "?"]
[Date "2019.02.16"]
[Round "5.5"]
[White "Jurcik, Marian"]
[Black "Varga, Zoltan"]
[Result "1/2-1/2"]
[WhiteElo "2464"]
[BlackElo "2436"]
[PlyCount "40"]
[EventDate "2019.??.??"]

1. e4 Nf6 2. e5 Nd5 3. d4 d6 4. Nf3 dxe5 5. Nxe5 c6 6. Bd3 Nd7 7. Nf3 N7f6 8.
h3 Nb4 9. Bc4 Bf5 10. Bb3 e6 11. Nh4 Be4 12. Nc3 Bd5 13. Nxd5 cxd5 14. Nf3 Nc6
15. O-O Bd6 16. Qd3 Qc7 17. c3 O-O 18. Bc2 Bf4 19. Ng5 Rfc8 20. a3 h6 1/2-1/2

[Event "SVK Extraliga 2018/2019"]
[Site "?"]
[Date "2019.02.16"]
[Round "5.6"]
[White "Bagi, Mate"]
[Black "Nayhebaver, Martin"]
[Result "1-0"]
[WhiteElo "2459"]
[BlackElo "2462"]
[PlyCount "67"]
[EventDate "2019.??.??"]

1. e4 c5 2. Nf3 d6 3. d4 cxd4 4. Qxd4 a6 5. h3 Nc6 6. Qe3 g6 7. Be2 Bg7 8. O-O
Nf6 9. c4 O-O 10. Nc3 Nd7 11. Rd1 Nc5 12. Rb1 a5 13. b3 Re8 14. Bb2 Nb4 15. a3
Nc6 16. Nb5 Bxb2 17. Rxb2 f6 18. b4 Na4 19. Rbb1 axb4 20. axb4 Be6 21. c5 Ba2
22. Ra1 Bf7 23. cxd6 Nb2 24. d7 Rf8 25. Rxa8 Qxa8 26. Rd2 Rd8 27. e5 Nc4 28.
Bxc4 Bxc4 29. Na3 b5 30. exf6 exf6 31. Nxc4 bxc4 32. Qe6+ Kg7 33. Qxc4 Qb7 34.
Qe6 1-0

[Event "SVK Extraliga 2018/2019"]
[Site "?"]
[Date "2019.02.16"]
[Round "5.1"]
[White "Mazur, Stefan"]
[Black "Papp, Gabor"]
[Result "0-1"]
[WhiteElo "2428"]
[BlackElo "2610"]
[PlyCount "62"]
[EventDate "2019.??.??"]

1. e4 c5 2. Nf3 d6 3. d4 cxd4 4. Nxd4 Nf6 5. Nc3 Nc6 6. Bg5 e6 7. Qd2 a6 8.
O-O-O Bd7 9. f4 Be7 10. Nf3 b5 11. Bxf6 gxf6 12. f5 Qb6 13. fxe6 fxe6 14. g3
O-O-O 15. Bh3 Kb8 16. Kb1 Na5 17. Nd4 b4 18. Nce2 e5 19. Bxd7 Rxd7 20. Nf5 Nc4
21. Qd5 Rc8 22. Rhf1 Bf8 23. Rf3 Rdc7 24. g4 Nxb2 25. Kxb2 Rxc2+ 26. Kb1 Rxe2
27. Nxd6 Qc7 28. Qd3 Qc2+ 29. Qxc2 Rcxc2 30. Rb3 a5 31. a3 Rc3 0-1

[Event "SVK Extraliga 2018/2019"]
[Site "?"]
[Date "2019.02.16"]
[Round "5.2"]
[White "Banusz, Tamas"]
[Black "Hrabusa, Matej"]
[Result "1/2-1/2"]
[WhiteElo "2612"]
[BlackElo "2405"]
[PlyCount "101"]
[EventDate "2019.??.??"]

1. Nf3 d5 2. g3 Nf6 3. Bg2 e6 4. d4 Be7 5. c4 O-O 6. Qc2 c5 7. O-O cxd4 8. Nxd4
Na6 9. cxd5 Nb4 10. Qd1 Nbxd5 11. e4 Nb6 12. Nc3 Bc5 13. Nb3 Bb4 14. e5 Bxc3
15. bxc3 Qxd1 16. Rxd1 Nfd5 17. Ba3 Re8 18. Rac1 Nc4 19. Bd6 Bd7 20. Nd2 Nb2
21. Rf1 b5 22. Rc2 Na4 23. c4 bxc4 24. Nxc4 Bb5 25. Rfc1 Rac8 26. Ba3 Bxc4 27.
Rxc4 Nac3 28. Rxc8 Rxc8 29. Kf1 Rb8 30. Bd6 Rd8 31. Bxd5 Nxd5 32. Rc6 h5 33.
Ra6 Rd7 34. Ke2 Rb7 35. Kd3 Kh7 36. a3 Kg6 37. Bc5 Nb6 38. Ke4 Nc8 39. f4 Kh7
40. a4 Rc7 41. Kd4 Kg6 42. h3 Kf5 43. Bd6 Rc1 44. Bc5 Nb6 45. Bxb6 axb6 46.
Rxb6 Ra1 47. Ra6 h4 48. gxh4 Kxf4 49. Ra7 f6 50. exf6 gxf6 51. h5 1/2-1/2

[Event "SVK Extraliga 2018/2019"]
[Site "?"]
[Date "2019.02.16"]
[Round "5.3"]
[White "Rojicek, Vojtech"]
[Black "Antal, Gergely"]
[Result "1/2-1/2"]
[WhiteElo "2389"]
[BlackElo "2546"]
[PlyCount "67"]
[EventDate "2019.??.??"]

1. e4 c5 2. Nf3 Nc6 3. d4 cxd4 4. Nxd4 Qb6 5. Nb3 Nf6 6. Nc3 e6 7. Bd3 Be7 8.
Qe2 Ne5 9. Be3 Qc7 10. f4 Nxd3+ 11. cxd3 O-O 12. O-O b6 13. Rfc1 Bb7 14. Nb5
Qd8 15. a4 Bc6 16. N3d4 Bc5 17. b4 Bxd4 18. Nxd4 Bb7 19. a5 bxa5 20. bxa5 Ba6
21. Qd2 Ng4 22. Nb3 f5 23. e5 Nxe3 24. Qxe3 Bb7 25. Rc5 Bd5 26. Nd4 Rc8 27.
Rac1 Rxc5 28. Rxc5 Qb8 29. h3 Qb7 30. Nf3 Rb8 31. Kh2 Bxf3 32. Qxf3 Qxf3 33.
gxf3 Rb3 34. Rc7 1/2-1/2

[Event "SVK Extraliga 2018/2019"]
[Site "?"]
[Date "2019.02.16"]
[Round "5.1"]
[White "Jakab, Bela"]
[Black "Cvek, Robert"]
[Result "1/2-1/2"]
[WhiteElo "2305"]
[BlackElo "2512"]
[PlyCount "28"]
[EventDate "2019.??.??"]

1. e4 c5 2. c3 Nf6 3. e5 Nd5 4. d4 cxd4 5. Nf3 e6 6. cxd4 b6 7. Nc3 Nxc3 8.
bxc3 Qc7 9. Bd2 d6 10. Bd3 Bb7 11. O-O Nd7 12. Re1 dxe5 13. Nxe5 Nxe5 14. Rxe5
Bd6 1/2-1/2

[Event "SVK Extraliga 2018/2019"]
[Site "?"]
[Date "2019.02.16"]
[Round "5.4"]
[White "Berezjuk, Sergej"]
[Black "Janko, Zoltan"]
[Result "1-0"]
[WhiteElo "2413"]
[BlackElo "2248"]
[PlyCount "95"]
[EventDate "2019.??.??"]

1. Nf3 Nf6 2. g3 b6 3. Bg2 Bb7 4. O-O e6 5. d3 d5 6. Nbd2 c5 7. e4 d4 8. a4 h5
9. Nc4 Be7 10. h3 Nfd7 11. Nh2 Nc6 12. Bd2 a6 13. f4 Qc7 14. Nf3 O-O-O 15. c3
Kb8 16. Qb1 b5 17. axb5 axb5 18. Na3 Qb6 19. Kh1 h4 20. g4 Nf6 21. Ng5 Rdf8 22.
c4 b4 23. Nb5 Nd7 24. Nf3 e5 25. fxe5 Ndxe5 26. Nxe5 Nxe5 27. Bf4 f6 28. Ra4
Ba6 29. Qa2 Kb7 30. Ra1 Ra8 31. Bf1 Rhc8 32. Be2 Rc6 33. Bh2 Rcc8 34. g5 Rc6
35. gxf6 gxf6 36. Rg1 Rcc8 37. Bxe5 fxe5 38. Bg4 Rf8 39. Bf5 Rg8 40. Ra1 Qh6
41. Qb1 Qd2 42. Qf1 Rg3 43. b3 Rxd3 44. R4a2 Qe3 45. Rxa6 Rxa6 46. Rxa6 Bg5 47.
Bc8+ Kb8 48. Ra8+ 1-0

[Event "SVK Extraliga 2018/2019"]
[Site "Podhajska"]
[Date "2019.02.16"]
[Round "5.1"]
[White "Balog, Imre"]
[Black "Balogh, Csaba"]
[Result "1-0"]
[WhiteElo "2563"]
[BlackElo "2631"]
[PlyCount "75"]
[EventDate "2019.??.??"]

1. d4 d5 2. Nf3 Nf6 3. c4 c6 4. Qc2 dxc4 5. Qxc4 Bg4 6. Nbd2 e6 7. Ne5 Bf5 8.
f3 Nfd7 9. e4 Nxe5 10. dxe5 Bg6 11. Qb3 Qc7 12. Nc4 b5 13. Nd6+ Bxd6 14. exd6
Qxd6 15. Be3 O-O 16. Qc3 Rd8 17. Be2 Na6 18. O-O f6 19. a4 Nc7 20. Rfd1 Qe7 21.
axb5 Nxb5 22. Qxc6 Be8 23. Rxd8 Rxd8 24. Qc4 Rb8 25. Ra6 Bd7 26. b4 Bc8 27. Ra1
a6 28. Bc5 Qc7 29. Qb3 Qe5 30. Rd1 Nc3 31. Rd8+ Kf7 32. Bc4 a5 33. f4 Qxf4 34.
Qxc3 axb4 35. Qd2 Qxd2 36. Rxd2 Bb7 37. Rd6 Kg6 38. Rb6 1-0

[Event "SVK Extraliga 2018/2019"]
[Site "Podhajska"]
[Date "2019.02.16"]
[Round "5.2"]
[White "Michalik, Peter"]
[Black "Gazik, Viktor"]
[Result "1-0"]
[WhiteElo "2567"]
[BlackElo "2512"]
[PlyCount "59"]
[EventDate "2019.??.??"]

1. e4 c5 2. Nf3 d6 3. Bb5+ Nc6 4. O-O Bd7 5. Re1 g6 6. c3 Bg7 7. d4 Nf6 8. e5
dxe5 9. dxe5 Ng4 10. Bf4 O-O 11. Na3 a6 12. Bf1 Be6 13. Qe2 h5 14. h3 Nh6 15.
Rad1 Qa5 16. Qd2 Qa4 17. Bxh6 Rfd8 18. Qc1 Rxd1 19. Rxd1 Nxe5 20. Bxg7 Nxf3+
21. gxf3 Kxg7 22. c4 Kh7 23. Qc2 Qc6 24. Qe4 Qb6 25. Qe5 f6 26. Qe3 Re8 27. b4
Rc8 28. Re1 Rc6 29. bxc5 Qa5 30. Nc2 1-0

[Event "SVK Extraliga 2018/2019"]
[Site "Podhajska"]
[Date "2019.02.16"]
[Round "5.3"]
[White "Mihok, Oliver"]
[Black "Rigo, Zsolt"]
[Result "1/2-1/2"]
[WhiteElo "2540"]
[BlackElo "2387"]
[PlyCount "79"]
[EventDate "2019.??.??"]

1. e4 c5 2. Nf3 d6 3. Bb5+ Bd7 4. Bxd7+ Qxd7 5. c4 Nc6 6. d4 cxd4 7. Nxd4 g6 8.
b3 Nf6 9. Nc3 Bg7 10. Bb2 Qg4 11. Qxg4 Nxg4 12. Nxc6 bxc6 13. h3 Ne5 14. O-O-O
Nd7 15. Na4 Bxb2+ 16. Kxb2 Nb6 17. Nc3 Nd7 18. Rhe1 g5 19. Na4 c5 20. e5 Nxe5
21. Nxc5 f6 22. Ne4 Rg8 23. Ng3 Kf7 24. Nf5 Rgc8 25. Rd5 Rc7 26. Kc3 Kg6 27.
Nd4 Kf7 28. g3 Rg8 29. Re3 Rc5 30. f4 Rxd5 31. cxd5 Rc8+ 32. Kb4 gxf4 33. gxf4
Ng6 34. Nc6 Nxf4 35. Rxe7+ Kf8 36. Rxa7 Nxd5+ 37. Kb5 Nc3+ 38. Kb6 Nd5+ 39. Kb5
Nc3+ 40. Kb6 1/2-1/2

[Event "SVK Extraliga 2018/2019"]
[Site "Podhajska"]
[Date "2019.02.16"]
[Round "5.4"]
[White "Stohl, Igor"]
[Black "Horvath, Csaba"]
[Result "1/2-1/2"]
[WhiteElo "2488"]
[BlackElo "2508"]
[PlyCount "35"]
[EventDate "2019.??.??"]

1. Nf3 d5 2. d4 Nf6 3. c4 e6 4. g3 Be7 5. Bg2 O-O 6. O-O Nbd7 7. Qc2 c6 8. Nbd2
b6 9. e4 dxc4 10. Nxc4 Bb7 11. Rd1 c5 12. Ng5 h6 13. e5 Bxg2 14. exf6 Nxf6 15.
Kxg2 hxg5 16. dxc5 Qc7 17. cxb6 axb6 18. Qe2 1/2-1/2

[Event "SVK Extraliga 2018/2019"]
[Site "?"]
[Date "2019.02.17"]
[Round "6.1"]
[White "Cernousek, Lukas"]
[Black "Krejci, Jan"]
[Result "0-1"]
[WhiteElo "2425"]
[BlackElo "2558"]
[PlyCount "62"]
[EventDate "2019.??.??"]

1. e4 e5 2. Nf3 Nc6 3. Bb5 a6 4. Ba4 Nf6 5. O-O Be7 6. Re1 b5 7. Bb3 d6 8. c3
O-O 9. h3 Na5 10. Bc2 c5 11. d4 Qc7 12. Nbd2 Rd8 13. d5 c4 14. Re3 Bd7 15. b4
cxb3 16. axb3 Nb7 17. b4 a5 18. Bb2 g6 19. Bd3 Nh5 20. Kh2 Bf8 21. g3 Qb6 22.
Kg2 Bh6 23. Re1 axb4 24. cxb4 Rxa1 25. Bxa1 Ra8 26. Re2 Nd8 27. Nb3 f5 28. Nfd2
Nf7 29. Na5 Rf8 30. Re1 Ng5 31. exf5 Nxh3 0-1

[Event "SVK Extraliga 2018/2019"]
[Site "?"]
[Date "2019.02.17"]
[Round "6.2"]
[White "Zilka, Stepan"]
[Black "Roubalik, Jakub"]
[Result "1-0"]
[WhiteElo "2533"]
[BlackElo "2412"]
[PlyCount "95"]
[EventDate "2019.??.??"]

1. e4 e5 2. Nf3 Nc6 3. Bc4 Nf6 4. d3 Bc5 5. O-O d6 6. c3 O-O 7. Bb3 a6 8. Nbd2
Ba7 9. h3 Ne7 10. Re1 Ng6 11. Nf1 Re8 12. Ng3 Be6 13. d4 h6 14. Be3 exd4 15.
Bxd4 c5 16. Bxf6 Qxf6 17. Bxe6 Qxe6 18. Nf5 Rad8 19. Qa4 Nf4 20. Rad1 d5 21.
exd5 Ne2+ 22. Rxe2 Qxe2 23. Re1 Qb5 24. Rxe8+ Qxe8 25. Qg4 g6 26. Nxh6+ Kf8 27.
c4 Bb8 28. g3 Qd7 29. Qh4 Kg7 30. Ng4 Rh8 31. Qf6+ Kg8 32. Kg2 Qf5 33. Qc3 Bd6
34. Nf6+ Kf8 35. Nd7+ Kg8 36. Nf6+ Kf8 37. g4 Qf4 38. Nd7+ Kg8 39. Nf6+ Kf8 40.
Ne4 Rh7 41. Nxd6 Qxd6 42. Ng5 Rg7 43. Qe3 Qe7 44. Qf4 Kg8 45. d6 Qd7 46. Qf6
Kf8 47. f3 Qe8 48. Kf2 1-0

[Event "SVK Extraliga 2018/2019"]
[Site "?"]
[Date "2019.02.17"]
[Round "6.3"]
[White "Motuz, Karol"]
[Black "Leniart, Arkadiusz"]
[Result "1/2-1/2"]
[WhiteElo "2369"]
[BlackElo "2497"]
[PlyCount "75"]
[EventDate "2019.??.??"]

1. e4 e5 2. Nf3 Nc6 3. d4 exd4 4. Nxd4 Bc5 5. Nb3 Bb4+ 6. Nc3 Nf6 7. Bd3 d5 8.
O-O dxe4 9. Nxe4 Nxe4 10. Bxe4 Qxd1 11. Rxd1 Bd7 12. Nd4 O-O-O 13. Bg5 f6 14.
Nxc6 Bxc6 15. Bxc6 fxg5 16. Bf3 c6 17. Rxd8+ Rxd8 18. Rd1 Bd6 19. g3 Kc7 20.
Kg2 a5 21. a4 h6 22. Rd3 Rf8 23. Be4 Re8 24. Re3 Bc5 25. Re2 Bd4 26. b3 b5 27.
Bd3 Rb8 28. Re4 Bf6 29. f4 gxf4 30. Rxf4 Kd6 31. Kf3 Kc5 32. Rf5+ Kb4 33. Rf4+
Kc3 34. Rf5 bxa4 35. Rc5+ Kb2 36. bxa4 Bc3 37. Rxc6 Rb4 38. Bb5 1/2-1/2

[Event "SVK Extraliga 2018/2019"]
[Site "?"]
[Date "2019.02.17"]
[Round "6.4"]
[White "Klekowski, Maciej"]
[Black "Piesik, Piotr"]
[Result "1-0"]
[WhiteElo "2494"]
[BlackElo "2420"]
[PlyCount "75"]
[EventDate "2019.??.??"]

1. e4 c5 2. Nf3 d6 3. d4 cxd4 4. Nxd4 Nf6 5. Nc3 a6 6. Be2 e5 7. Nf3 Be7 8. Bg5
Be6 9. Bxf6 Bxf6 10. Nd5 Nd7 11. Bc4 Rc8 12. Qe2 Nb6 13. Nxb6 Qxb6 14. Bb3 Qb4+
15. Kf1 O-O 16. Rd1 Be7 17. c3 Qb6 18. Qc2 Qc6 19. Qd3 Bc4 20. Bxc4 Qxc4 21.
Qxc4 Rxc4 22. Nd2 Ra4 23. Ra1 f5 24. b3 Ra5 25. exf5 Rxf5 26. Ke2 d5 27. Rhd1
e4 28. Nf1 Bf6 29. Ne3 Rh5 30. b4 Ra3 31. Nxd5 Rxh2 32. Nxf6+ gxf6 33. Rd7 Rxg2
34. Rxb7 Rg7 35. Rxg7+ Kxg7 36. Kd2 a5 37. b5 Ra4 38. b6 1-0

[Event "SVK Extraliga 2018/2019"]
[Site "?"]
[Date "2019.02.17"]
[Round "6.6"]
[White "Manik, Mikulas"]
[Black "Veres, Andrej"]
[Result "1-0"]
[WhiteElo "2384"]
[BlackElo "2247"]
[PlyCount "41"]
[EventDate "2019.??.??"]

1. e4 e5 2. Nf3 Nc6 3. Bb5 a6 4. Ba4 Nf6 5. O-O Be7 6. d3 b5 7. Bb3 d6 8. a4
Rb8 9. axb5 axb5 10. Nc3 O-O 11. Nd5 Bg4 12. c3 Qd7 13. h3 Bh5 14. Ra6 Nd8 15.
Nxf6+ Bxf6 16. Nxe5 Qc8 17. Qxh5 dxe5 18. Rxf6 gxf6 19. Bh6 Re8 20. Qh4 Ne6 21.
Bxe6 1-0

[Event "SVK Extraliga 2018/2019"]
[Site "?"]
[Date "2019.02.17"]
[Round "6.7"]
[White "Bombek, Peter"]
[Black "Mikrut, Dariusz"]
[Result "1/2-1/2"]
[WhiteElo "2184"]
[BlackElo "2380"]
[PlyCount "40"]
[EventDate "2019.??.??"]

1. d4 g6 2. Nf3 Bg7 3. e4 c5 4. c3 cxd4 5. cxd4 d5 6. exd5 Nf6 7. Nc3 O-O 8.
Bc4 Nbd7 9. O-O Nb6 10. Bb3 Nbxd5 11. Re1 b6 12. Bg5 Bb7 13. Rc1 Rc8 14. Nxd5
Nxd5 15. Rxc8 Qxc8 16. Bxe7 Nxe7 17. Rxe7 Bxf3 18. Qxf3 Qc1+ 19. Qd1 Qxb2 20.
g3 Qxd4 1/2-1/2

[Event "SVK Extraliga 2018/2019"]
[Site "?"]
[Date "2019.02.17"]
[Round "6.8"]
[White "Jacko, Vladimir"]
[Black "Kovacik, Emil"]
[Result "1/2-1/2"]
[WhiteElo "2326"]
[BlackElo "2073"]
[PlyCount "134"]
[EventDate "2019.??.??"]

1. d4 d5 2. Nf3 Nf6 3. c4 e6 4. Nc3 Be7 5. g3 O-O 6. Bg2 dxc4 7. O-O c5 8. dxc5
Qxd1 9. Rxd1 Nbd7 10. c6 bxc6 11. Nd4 Bb7 12. Nxc6 Bxc6 13. Bxc6 Rad8 14. Bb5
Nb6 15. Be3 Nfd5 16. Nxd5 Rxd5 17. a4 Bf6 18. Rdb1 Rfd8 19. Bxb6 axb6 20. Bxc4
Rd2 21. Ra2 Rd1+ 22. Rxd1 Rxd1+ 23. Kg2 Rd2 24. a5 bxa5 25. Rxa5 g6 26. b3 Be7
27. Ra7 Bf8 28. Rb7 Rb2 29. f4 h5 30. Kf3 Ra2 31. h3 Bc5 32. Rb8+ Kg7 33. Rc8
Bd4 34. Ke4 Bf2 35. g4 hxg4 36. hxg4 Ra7 37. Rb8 Be1 38. Kf3 Rc7 39. Bd3 Bd2
40. b4 g5 41. f5 exf5 42. gxf5 Bf4 43. Ra8 Re7 44. b5 Re3+ 45. Kf2 Rh3 46. Ra4
Be3+ 47. Kg2 Rh4 48. Ra6 Rh6 49. Ra8 Rd6 50. Kf3 Bb6 51. Rb8 Bg1 52. Rb7 Rd4
53. Rc7 Bh2 54. b6 Rb4 55. Rc6 Be5 56. Bc4 f6 57. Bd5 g4+ 58. Kg2 Kh6 59. Re6
Kg5 60. b7 Kxf5 61. Re8 Kf4 62. Ra8 Rb2 63. Ra4+ Kg5 64. Kf2 Rb5 65. Bc6 Rb6
66. Bg2 Rb3 67. Bd5 Rb5 1/2-1/2

[Event "SVK Extraliga 2018/2019"]
[Site "?"]
[Date "2019.02.17"]
[Round "6.1"]
[White "Piorun, Kacper"]
[Black "Babula, Vlastimil"]
[Result "1/2-1/2"]
[WhiteElo "2631"]
[BlackElo "2549"]
[PlyCount "33"]
[EventDate "2019.??.??"]

1. e4 c5 2. Nf3 e6 3. g3 Nc6 4. Bg2 Nf6 5. d3 d6 6. O-O Be7 7. Nc3 O-O 8. Nd2
Rb8 9. f4 d5 10. e5 Nd7 11. Nf3 b5 12. Ne2 d4 13. g4 f6 14. a4 a6 15. axb5 axb5
16. exf6 Nxf6 17. h3 1/2-1/2

[Event "SVK Extraliga 2018/2019"]
[Site "?"]
[Date "2019.02.17"]
[Round "6.2"]
[White "Markos, Jan"]
[Black "Antoniewski, Rafal"]
[Result "1-0"]
[WhiteElo "2557"]
[BlackElo "2513"]
[PlyCount "77"]
[EventDate "2019.??.??"]

1. d4 d5 2. c4 dxc4 3. Nf3 a6 4. e3 b5 5. a4 Bb7 6. b3 e6 7. bxc4 bxc4 8. Bxc4
Nf6 9. O-O Nbd7 10. Nbd2 c5 11. Rb1 Ra7 12. Bb2 Be7 13. dxc5 Nxc5 14. Bd4 O-O
15. Qe2 Nfd7 16. Rfc1 Qa8 17. Ne5 Nxe5 18. Bxe5 Rc8 19. Qg4 Bf8 20. Bd4 Rd8 21.
Nb3 h5 22. Qg5 Rxd4 23. Nxd4 Be4 24. Rb6 g6 25. f3 Be7 26. Qf4 Rb7 27. a5 Rxb6
28. axb6 Bb7 29. Nb3 Qf8 30. Na5 Qd8 31. Nxb7 Nxb7 32. Qd4 Qc8 33. Kh1 Qc6 34.
Rb1 Nc5 35. Bd3 f5 36. b7 Nxb7 37. Qa7 Qd6 38. Be2 Nc5 39. Rd1 1-0

[Event "SVK Extraliga 2018/2019"]
[Site "?"]
[Date "2019.02.17"]
[Round "6.3"]
[White "Bulski, Krzysztof"]
[Black "Kriebel, Tadeas"]
[Result "1/2-1/2"]
[WhiteElo "2537"]
[BlackElo "2513"]
[PlyCount "29"]
[EventDate "2019.??.??"]

1. d4 d5 2. c4 dxc4 3. Nf3 Nf6 4. e3 Bg4 5. h3 Bh5 6. Bxc4 e6 7. Nc3 Nc6 8. Be2
a6 9. O-O Bd6 10. b3 O-O 11. Bb2 Qe7 12. Ne5 Bxe2 13. Nxc6 Bxd1 14. Nxe7+ Bxe7
15. Rfxd1 1/2-1/2

[Event "SVK Extraliga 2018/2019"]
[Site "?"]
[Date "2019.02.17"]
[Round "6.4"]
[White "Mrva, Martin"]
[Black "Tazbir, Marcin"]
[Result "0-1"]
[WhiteElo "2419"]
[BlackElo "2542"]
[PlyCount "88"]
[EventDate "2019.??.??"]

1. e4 c5 2. Nf3 d6 3. d4 cxd4 4. Nxd4 Nf6 5. Nc3 a6 6. Be2 e5 7. Nf3 Be7 8. O-O
O-O 9. Re1 Nbd7 10. Bf1 b5 11. a4 b4 12. Nd5 Nxd5 13. Qxd5 Rb8 14. Nd2 Nc5 15.
Qa2 Kh8 16. Bc4 f5 17. Bd5 a5 18. exf5 Bxf5 19. Ne4 b3 20. cxb3 Nd3 21. Bd2
Nxe1 22. Rxe1 Bxe4 23. Rxe4 Bg5 24. Be1 Qb6 25. Qb1 Rbc8 26. Rc4 Rxc4 27. bxc4
Bd2 28. h3 Qb4 29. Bxd2 Qxd2 30. f3 Rb8 31. Qf5 Qc1+ 32. Kf2 Rxb2+ 33. Kg3 Qf4+
34. Qxf4 exf4+ 35. Kxf4 Rxg2 36. Kf5 Rg6 37. h4 Rf6+ 38. Kg5 h6+ 39. Kg4 g6 40.
Bc6 Kg7 41. f4 Rf8 42. Bd7 Kf6 43. Kf3 Ke7 44. Bc6 g5 0-1

[Event "SVK Extraliga 2018/2019"]
[Site "?"]
[Date "2019.02.17"]
[Round "6.5"]
[White "Jakubiec, Artur"]
[Black "Krak, Tomas"]
[Result "1-0"]
[WhiteElo "2477"]
[BlackElo "2304"]
[PlyCount "75"]
[EventDate "2019.??.??"]

1. e4 c5 2. c3 Nf6 3. d3 d5 4. e5 Ng8 5. f4 Nc6 6. Nf3 Nh6 7. Be3 e6 8. Bf2 Be7
9. d4 cxd4 10. cxd4 Qb6 11. Qd2 Bd7 12. Nc3 Rc8 13. Bd3 Na5 14. Rb1 Nc4 15. Qe2
Ng4 16. O-O Nxf2 17. Qxf2 Qa5 18. Qe2 g6 19. a3 b5 20. Nd1 b4 21. axb4 Qxb4 22.
Nf2 Na5 23. Ng4 Nb3 24. Qf2 Bb5 25. Nf6+ Bxf6 26. Bxb5+ Qxb5 27. exf6 Qb4 28.
Rbd1 Rc7 29. Rd3 Na5 30. Qg3 Rc2 31. Rc3 Rxc3 32. bxc3 Qxc3 33. f5 Qe3+ 34. Kh1
O-O 35. fxg6 Qh6 36. gxf7+ Kh8 37. Ng5 Nc4 38. Nxe6 1-0

[Event "SVK Extraliga 2018/2019"]
[Site "?"]
[Date "2019.02.17"]
[Round "6.7"]
[White "Kantorik, Marian"]
[Black "Mrvova, Alena"]
[Result "1/2-1/2"]
[WhiteElo "2224"]
[BlackElo "2174"]
[PlyCount "53"]
[EventDate "2019.??.??"]

1. d4 Nf6 2. c4 e6 3. Nf3 d5 4. Nc3 c6 5. Bg5 Nbd7 6. e3 Be7 7. Bd3 dxc4 8.
Bxc4 Nd5 9. Bxe7 Qxe7 10. O-O O-O 11. e4 Nxc3 12. bxc3 e5 13. Qc2 c5 14. d5 Nf6
15. Be2 Ne8 16. Nd2 Nd6 17. Nc4 f5 18. Nxd6 Qxd6 19. exf5 Bxf5 20. Bd3 Bxd3 21.
Qxd3 Rf4 22. Rad1 Raf8 23. Rd2 a6 24. Re1 b5 25. Qh3 R4f6 26. Re4 c4 27. Qe3
1/2-1/2